| 000 -LEADER |
| fixed length control field |
00741cam a22002414a 4500 |
| 001 - CONTROL NUMBER |
| control field |
9358 |
| 003 - CONTROL NUMBER IDENTIFIER |
| control field |
BD-DhUAP |
| 005 - DATE AND TIME OF LATEST TRANSACTION |
| control field |
20200212161624.0 |
| 008 - FIXED-LENGTH DATA ELEMENTS--GENERAL INFORMATION |
| fixed length control field |
200212s2005 pk l 001 0 eng |
| 040 ## - CATALOGING SOURCE |
| Original cataloging agency |
BD-DhUAP |
| Transcribing agency |
BD-DhUAP |
| Language of cataloging |
Eng |
| Modifying agency |
BD-DhUAP |
| 082 ## - DEWEY DECIMAL CLASSIFICATION NUMBER |
| Edition number |
23 |
| Classification number |
347.052 MAH |
| 100 ## - MAIN ENTRY--PERSONAL NAME |
| Personal name |
Mahmood, Shaukat. |
| 245 10 - TITLE STATEMENT |
| Title |
The Limitation Act : |
| Remainder of title |
act IX of 1908 / |
| Statement of responsibility, etc. |
Shaukat Mahmood and Nadeem Shaukat. |
| 250 ## - EDITION STATEMENT |
| Edition statement |
4th rev. & enl. ed. |
| 260 ## - PUBLICATION, DISTRIBUTION, ETC. |
| Place of publication, distribution, etc. |
Lahore : |
| Name of publisher, distributor, etc. |
Legal research centre, |
| Date of publication, distribution, etc. |
c2005. |
| 300 ## - PHYSICAL DESCRIPTION |
| Extent |
iv, 1094 pages ; |
| Dimensions |
22 cm. |
| 500 ## - GENERAL NOTE |
| General note |
Includes index. |
| 520 ## - SUMMARY, ETC. |
| Summary, etc. |
With latest amendments and up-to-date case laws. |
| 650 #0 - SUBJECT ADDED ENTRY--TOPICAL TERM |
| Topical term or geographic name entry element |
Limitation of actions. |
| 650 #0 - SUBJECT ADDED ENTRY--TOPICAL TERM |
| Topical term or geographic name entry element |
Limitation act. |
| 700 ## - ADDED ENTRY--PERSONAL NAME |
| Personal name |
Shaukat, Nadeem. |
| 942 ## - ADDED ENTRY ELEMENTS (KOHA) |
| Source of classification or shelving scheme |
|
| Koha item type |
Book |